|
|
|
|
| LEADER |
00666cam a2200169 7i4500 |
| 001 |
0000002773 |
| 005 |
19991025090000.0 |
| 002 |
##000004040 |
| 020 |
0 |
0 |
|a T000003899
|
| 090 |
0 |
0 |
|a M 330.9
|b MAL
|
| 110 |
1 |
0 |
|a Malaysia(:
|c Kementerian Kewangan)
|
| 245 |
1 |
0 |
|a Laporan ekonomi 1994/95 =
|l economic report 1994/95.
|
| 260 |
0 |
0 |
|a Kuala Lumpur:
|b Kementerian Kewangan Malaysia,
|c 1994.
|
| 440 |
0 |
0 |
|a This book provides an analysis of the overall performance of the international and Malaysian economy
|
| 650 |
0 |
0 |
|a Economic conditions --
|z Malaysia
|
| 999 |
|
|
|a 0000004463
|b Book
|c Open shelf
|e Business Information Centre
|
| 999 |
|
|
|a 0000004462
|b Book
|c Open shelf
|e Business Information Centre
|